000 01753nam0a2200349 4500
001 RU\NLR\BIBL_A\022793652
005 20260510043543.0
010 _a978-5-369-02179-8
_9500
035 _a(NLR Aleph) 022793652
090 _a13703556
_c13703556
100 _a20260423d2026 k y0rusy50 ca
101 0 _arus
102 _aRU
105 _ay z 000yb
181 0 _ai4
_baxxe
182 0 _an
200 1 _aУчение М. Н. Капустина о праве
_eистория, методология, теория и практика
_eмонография
_fА. Д. Сангулия
_gпод научной редакцией доктора философских наук, доктора юридических наук Працко Геннадия Святославовича
203 _aТекст
_bвизуальный
_cнепосредственный
210 _aМосква
_cРИОР
_d2026 (печ. 2025)
215 _a206, [1] с.
_d22
225 1 _aНаучная мысль
300 _aНа 4-й с. обл. авт.: Сангулия А. Д. - канд. юрид. наук, доц., преподаватель, советник
320 _aБиблиогр.: с. 192-207 (256 назв.) и в подстроч. примеч.
320 _aДр. кн. авт. на 4-й с. обл.
600 1 _aКапустин
_bМ. Н.
_f1828 - 1899
_gМихаил Николаевич
_xПравовые взгляды
_92708484
_3RU\NLR\AUTH\6601770335
686 1 _aХ1(2)509
700 1 _aСангулия
_bА. Д.
_gАслан Даурович
702 1 _aПрацко
_bГ. С.
_gГеннадий Святославович
_4340
942 _cBOOK
980 _aNB